01013nam a22002777a 4500003000800000008004100008020001500049020001500064037002400079039004000103040002600143041000800169080001100177245014500188260002700333300002200360650004900382655001800431700003400449700003000483700002800513700003200541942001200573999001700585952013300602BI-BuBU251121b1986 fr fr|||| 000 0 fre d a2920653199 a2717811486 a153222bFonds S.400 a20251121084110.0bConstance Niyimpa aBI-BuBUbfrecBI-BuBU0 afre a658.0100aSystèmes d'information pour le managementbVol.1 : les basescGordon B. Davis, Margrethe H. Olson, Jacques Ajenstat, Jean-Louis Peaucelle. aParisbEconomicac1986 aXI-332 p.c23 cm. 72BI-BuBUaEntreprisexSystème d'information 72BI-BuBUaBook1 4aut.aDavis, Gordon B.9381961 4aut.aOlson, Margrethe H.1 4aut.aAjenstat, Jacques1 4aut.aPeaucelle, Jean-Louis 2udccBK c53099d53099 00102udc4070984944aBFSEAbBFSEAd2025-11-21eFonds S.400l0o658.01 SYS.p5010000798505r2025-11-21w2025-11-21yBKi153222